=LDR 00000nam 2200000 4500 =001 INLIS000000000011999 =005 20130612103540 =008 ***********************************Ind** =035 ##$$0010-061300000011999 =041 ##$$a Ind =082 ##$$a 523 =090 ##$$a 523, Whi b =100 ##$$a White, Anne Tery =245 ##$$a Bintang-bintang di alam raya, oleh Anne White ; diterjemahkan oleh Moh.Badjuri =260 ##$$a 1962 $b Jakarta =300 ##$$a 106 hlm., ilus, 21 cm =650 ##$$a Bintang =700 ##$$a Bajuri, moh =850 ##$$a NBPNMAT